Russell's Theory of Perception (1905-1919) / (Record no. 19825)

MARC details
000 -LEADER
fixed length control field 00564nam a22001937a 4500
003 - CONTROL NUMBER IDENTIFIER
control field BDDh-ASL
005 - DATE AND TIME OF LATEST TRANSACTION
control field 20231015025818.0
008 - FIXED-LENGTH DATA ELEMENTS--GENERAL INFORMATION
fixed length control field 201220s1998 b ||||| |||| 00| 0 eng d
040 ## - CATALOGING SOURCE
Transcribing agency BDDh-ASL
082 ## - DEWEY DECIMAL CLASSIFICATION NUMBER
Classification number 153.701
Item number MIR
100 1# - MAIN ENTRY--PERSONAL NAME
9 (RLIN) 2470
Personal name Miah, Sajahan
Titles and words associated with a name Dr.
245 10 - TITLE STATEMENT
Title Russell's Theory of Perception (1905-1919) /
260 ## - PUBLICATION, DISTRIBUTION, ETC.
Place of publication, distribution, etc. Dhaka:
Name of publisher, distributor, etc. Dhaka Univeristy,
Date of publication, distribution, etc. 1998.
300 ## - PHYSICAL DESCRIPTION
Extent 364 p.:
Dimensions 23 cm.
504 ## - BIBLIOGRAPHY, ETC. NOTE
Bibliography, etc. note Include Bibliographical Reference and Index
650 #0 - SUBJECT ADDED ENTRY--TOPICAL TERM
9 (RLIN) 2172
Topical term or geographic name entry element Philosophy
650 #0 - SUBJECT ADDED ENTRY--TOPICAL TERM
9 (RLIN) 2457
Topical term or geographic name entry element Theory
General subdivision Russell's Theory
942 ## - ADDED ENTRY ELEMENTS (KOHA)
Source of classification or shelving scheme Dewey Decimal Classification
Koha item type Books
Holdings
Withdrawn status Lost status Source of classification or shelving scheme Damaged status Not for loan Collection code Home library Current library Shelving location Date acquired Source of acquisition Total Checkouts Full call number Barcode Date last seen Copy number Price effective from Koha item type
    Dewey Decimal Classification     Non-fiction Asiatic Society Library Asiatic Society Library General Stacks 12/20/2020 ASB Collection   153.701 MIR 103210 12/20/2020 C-1 12/20/2020 Books

Powered by Koha